|
|
|
|
| LEADER |
00000nam0a2200000 4500 |
| 001 |
351867 |
| 005 |
20231102010438.0 |
| 035 |
|
|
|a (RuTPU)RU\TPU\retro\7781
|
| 090 |
|
|
|a 351867
|
| 100 |
|
|
|a 20191023d1956 m y0rusy50 ca
|
| 101 |
0 |
|
|a rus
|
| 102 |
|
|
|a RU
|
| 105 |
|
|
|a y z 000zy
|
| 200 |
1 |
|
|a Некоторые текстуры серноколчеданных руд
|e [отдельный оттиск]
|f Ф. Н. Шахов
|
| 210 |
|
|
|d 1956
|
| 215 |
|
|
|a 26 с.
|
| 316 |
|
|
|5 63413507: ШкА2/667
|a На с.1 дарственная надпись с подписью автора : "В библиотеку ТПИ. 15.10.67"
|
| 606 |
|
|
|a Геология
|2 stltpush
|3 (RuTPU)RU\TPU\subj\6095
|9 34054
|
| 610 |
1 |
|
|a дары автора
|
| 610 |
1 |
|
|a коллекция ТПУ
|
| 610 |
1 |
|
|a руды
|
| 610 |
1 |
|
|a кварц
|
| 610 |
1 |
|
|a месторождения
|
| 610 |
1 |
|
|a кристаллизация
|
| 610 |
1 |
|
|a Урал
|
| 610 |
1 |
|
|a Сибирь
|
| 610 |
1 |
|
|a сфалериты
|
| 610 |
1 |
|
|a сурьмяные месторождения
|
| 675 |
|
|
|a 55
|v 3
|
| 700 |
|
1 |
|a Шахов
|b Ф. Н.
|c российский геолог
|c профессор Томского политехнического института
|f 1894-1971
|g Феликс Николаевич
|2 stltpush
|3 (RuTPU)RU\TPU\pers\505
|
| 801 |
|
1 |
|a RU
|b 63413507
|c 20080519
|g PSBO
|
| 801 |
|
2 |
|a RU
|b 63413507
|c 20191023
|g PSBO
|
| 942 |
|
|
|c BK
|